Most Streamed Drake Song on Each Album - Statistics

General Stats
  • This quiz has been taken 108 times
  • The average score is 11 of 15
Answer Stats
Hint Answer % Correct
Views (2.83B Streams) One Dance
96%
Scorpion (2.33B Streams) God's Plan
95%
$ome $exy $ongs 4 U (254M Streams) NOKIA
94%
Honestly, Nevermind (742M Streams) Jimmy Cooks
88%
More Life (1.44B Streams) Passionfruit
87%
Take Care (563M Streams) Headlines
83%
Her Loss (666M Streams) Rich Flex
80%
So Far Gone (586M Streams) Best I Ever Had
74%
Nothing Was the Same (894M Streams) Hold On, We're Going Home
74%
Dark Lane Demo Tapes (1.01B Streams) Toosie Slide
74%
Certified Lover Boy (671M Streams) Fair Trade
72%
Thank Me Later (225M Streams) Over
63%
If You're Reading This It's Too Late (469M Streams) Energy
61%
What a Time To Be Alive (790M Streams) Jumpman
61%
For All The Dogs (100M Streams) Slime You Out
37%
No matching quizzes found
Score Distribution
Percent of People with Each Score
Percentile by Number Answered
Your Score History
You have not taken this quiz